000 00840nab a2200253 u 4500
001 11456
003 HDC
007 cr bn ---aaaaa
008 210207c mydr|nes 0 a may d
040 _aHDC
100 _aNasir Jani,
_eauthor
_911771
245 0 _aTok Guru berbicara tentang seni /
_cby Nasir Jani
260 _a[no place] :
_b[publisher not identified],
_c[no year]
336 _atext
_2rdacontent
337 _acomputer
_2rdamedia
338 _aonline resource
_2rdacarrier
650 _aMusical instrument
_911773
650 _aPolitician
_yMalaysia
_911772
710 _aSinar Harian
856 _zRequest full-text at [email protected]
942 _2lcc
942 _cNEWS
942 _kNWSO 000351
999 _c8779
_d8779